|
|
|
|
| LEADER |
02441nam a2200601 a 4500 |
| 001 |
nkc20051634689 |
| 003 |
CZ PrNK |
| 005 |
20120327161800.0 |
| 007 |
ta |
| 008 |
051212s2005 xr abehe 001 0 cze |
| 015 |
|
|
|a cnb001634689
|
| 020 |
|
|
|a 80-86971-81-3
|q (Kristina Kaiserová - Albis International ;
|q v knize neuvedeno ;
|q brož.)
|z 80-86971-02-3
|z 978-80-86971-02-5
|
| 035 |
|
|
|a (OCoLC)83978569
|
| 040 |
|
|
|a BOA001
|b cze
|d ABA001
|
| 043 |
|
|
|a e-xr---
|b e-xr-us
|2 czenas
|
| 072 |
|
7 |
|a 94(437)
|x Dějiny Česka a Slovenska
|2 Konspekt
|9 8
|
| 080 |
|
|
|a 711.73
|2 MRF
|
| 080 |
|
|
|a 711.61
|2 MRF
|
| 080 |
|
|
|a 81'373.21
|2 MRF
|
| 080 |
|
|
|a 711.1
|2 MRF
|
| 080 |
|
|
|a 94(437.315)
|2 MRF
|
| 080 |
|
|
|a (048.8)
|2 MRF
|
| 100 |
1 |
|
|a Rak, Petr,
|d 1960-
|7 xx0003069
|4 aut
|
| 245 |
1 |
0 |
|a Chomutovská uličnice :
|b stavebně-územní proměny a vývoj názvů ulic v Chomutově, Horní Vsi a Spořicích /
|c Petr Rak, Jaroslav Pachner
|
| 260 |
|
|
|a V Ústí nad Labem :
|b Pro Město Chomutov vydal Albis international,
|c 2005
|
| 300 |
|
|
|a 175 s. :
|b il. (některé barev.), mapy, plány, faksim. ;
|c 30 cm
|
| 500 |
|
|
|a 1500 výt.
|
| 504 |
|
|
|a Obsahuje bibliografii, bibliografické odkazy a rejstřík
|
| 650 |
0 |
7 |
|a ulice
|7 ph126872
|z Česko
|2 czenas
|
| 650 |
0 |
7 |
|a náměstí
|7 ph138941
|z Česko
|2 czenas
|
| 650 |
0 |
7 |
|a místní jména
|7 ph115407
|z Česko
|2 czenas
|
| 650 |
0 |
7 |
|a územní rozvoj
|7 ph128365
|z Česko
|2 czenas
|
| 650 |
0 |
9 |
|a streets
|z Czechia
|2 eczenas
|
| 650 |
0 |
9 |
|a plazas
|z Czechia
|2 eczenas
|
| 650 |
0 |
9 |
|a place names
|z Czechia
|2 eczenas
|
| 650 |
0 |
9 |
|a territorial development
|z Czechia
|2 eczenas
|
| 651 |
|
7 |
|a Chomutov (Česko)
|7 ge128939
|x dějiny
|2 czenas
|
| 651 |
|
7 |
|a Spořice (Česko)
|7 ge335882
|x dějiny
|2 czenas
|
| 651 |
|
9 |
|a Chomutov (Czechia)
|x history
|2 eczenas
|
| 651 |
|
9 |
|a Spořice (Czechia)
|x history
|2 eczenas
|
| 655 |
|
7 |
|a studie
|7 fd133597
|2 czenas
|
| 655 |
|
7 |
|a přehledy
|7 fd133202
|2 czenas
|
| 655 |
|
9 |
|a studies
|2 eczenas
|
| 655 |
|
9 |
|a surveys
|2 eczenas
|
| 700 |
1 |
|
|a Pachner, Jaroslav,
|d 1955-
|7 jk01091508
|4 aut
|
| 710 |
1 |
|
|a Chomutov (Česko)
|7 ge128939
|
| 856 |
4 |
1 |
|u http://www.digitalniknihovna.cz/mzk/uuid/uuid:dac4ead0-449d-11e4-8113-005056827e52
|y Digitalizovaný dokument
|x NDK
|
| 910 |
2 |
|
|a BOA001
|b 4-1161.123
|
| 928 |
9 |
|
|a Albis international
|
| 990 |
|
|
|a BK
|
| 995 |
|
|
|a 01
|
| 991 |
|
|
|b 200601
|c NOV
|
| 996 |
6 |
|
|b 2610266921
|c 4-1161.123
|l MZK
|r Sklad / do 1 hodiny
|n 1
|p p.v.
|w 000801329
|u 000010
|a 1
|e BOA001
|j MZK50
|s P
|